<?xml version="1.0" encoding="UTF-8"?>
<record
    xmlns:xsi="http://www.w3.org/2001/XMLSchema-instance"
    xsi:schemaLocation="http://www.loc.gov/MARC21/slim http://www.loc.gov/standards/marcxml/schema/MARC21slim.xsd"
    xmlns="http://www.loc.gov/MARC21/slim">

  <leader>00843cam a22002534a 4500</leader>
  <controlfield tag="001">sa 62000021 </controlfield>
  <controlfield tag="003">DLC</controlfield>
  <controlfield tag="005">20260227111912.0</controlfield>
  <controlfield tag="008">840920s1944    ii            000 0 hino </controlfield>
  <datafield tag="010" ind1=" " ind2=" ">
    <subfield code="a">sa 62000021 </subfield>
  </datafield>
  <datafield tag="040" ind1=" " ind2=" ">
    <subfield code="a">DLC</subfield>
    <subfield code="c">DLC</subfield>
  </datafield>
  <datafield tag="041" ind1="0" ind2=" ">
    <subfield code="a">hin</subfield>
    <subfield code="a">bra</subfield>
    <subfield code="h">bra</subfield>
  </datafield>
  <datafield tag="050" ind1="0" ind2="0">
    <subfield code="a">PK1967.9.T8</subfield>
    <subfield code="b">V5365 1944</subfield>
  </datafield>
  <datafield tag="100" ind1="0" ind2=" ">
    <subfield code="a">Viyog&#x12B; Hari,</subfield>
    <subfield code="d">1895-</subfield>
  </datafield>
  <datafield tag="245" ind1="1" ind2="0">
    <subfield code="a">Vinaya-patrik&#x101; :</subfield>
    <subfield code="b">sa&#x1E6D;&#x12B;ka /</subfield>
    <subfield code="c">Tulas&#x12B;d&#x101;sa-racita ; [&#x1E6D;&#x12B;k&#x101;k&#x101;ra] Viyog&#x12B; Hari.</subfield>
  </datafield>
  <datafield tag="250" ind1=" " ind2=" ">
    <subfield code="a">4. sa&#x1E43;&#x15B;odhita sa&#x1E43;skara&#x1E47;a.</subfield>
  </datafield>
  <datafield tag="260" ind1=" " ind2=" ">
    <subfield code="a">K&#x101;&#x15B;&#x12B; :</subfield>
    <subfield code="b">S&#x101;hitya-Sev&#x101;-Sadana,</subfield>
    <subfield code="c">2001 [[1944]</subfield>
  </datafield>
  <datafield tag="300" ind1=" " ind2=" ">
    <subfield code="a">540 p. ;</subfield>
    <subfield code="c">20 cm.</subfield>
  </datafield>
  <datafield tag="490" ind1="0" ind2=" ">
    <subfield code="a">K&#x101;vya-grantha-ratnam&#x101;l&#x101; ;</subfield>
    <subfield code="v">ratna 6</subfield>
  </datafield>
  <datafield tag="546" ind1=" " ind2=" ">
    <subfield code="a">In Hindi and Braj.</subfield>
  </datafield>
  <datafield tag="500" ind1=" " ind2=" ">
    <subfield code="a">Includes the Haritoshi&#x1E47;&#x12B; commentary.</subfield>
  </datafield>
  <datafield tag="600" ind1="0" ind2="0">
    <subfield code="a">Tulas&#x12B;d&#x101;sa,</subfield>
    <subfield code="d">1532-1623.</subfield>
    <subfield code="t">Vinayapatrik&#x101;.</subfield>
  </datafield>
  <datafield tag="700" ind1="0" ind2="2">
    <subfield code="a">Viyog&#x12B; Hari,</subfield>
    <subfield code="d">1895-</subfield>
    <subfield code="t">Haritoshi&#x1E47;&#x12B;.</subfield>
  </datafield>
  <datafield tag="999" ind1=" " ind2=" ">
    <subfield code="c">52799</subfield>
    <subfield code="d">52799</subfield>
  </datafield>
</record>
